Lyrics to Two Ghosts by Harry Styles - Statistics

General Stats
  • This quiz has been taken 1,873 times
  • The average score is 223 of 261
Answer Stats
Two Ghosts % Correct
a
99%
I
99%
ghosts
97%
me
97%
two
97%
we
97%
We
97%
you
97%
and
96%
And
96%
it
96%
not
96%
to
96%
in
95%
just
95%
Chorus We're
95%
be
93%
Verse 1 Same
93%
same
93%
blue
92%
eyes
92%
it's
92%
lips
92%
more
92%
red
92%
used
92%
couple
91%
shirt
91%
tattoos
91%
white
91%
feel
90%
who
90%
the
89%
Verse 2 The
89%
of
88%
how
87%
place
87%
standing
87%
have
86%
remember
86%
Trying
86%
trying
86%
But
84%
feels
84%
heartbeat
84%
what
84%
real
78%
see
78%
so
77%
like
75%
that
72%
can't
71%
something
69%
touch
67%
looks
66%
Sounds
64%
sweet
64%
empty
63%
glass
63%
your
62%
don't
60%
half
60%
Tastes
60%
this
60%
good
59%
was
58%
all
56%
room
56%
Moon
55%
need
54%
side
54%
over
53%
dances
52%
really
51%
swimming
51%
already
50%
say
50%
stories
50%
mean
49%
never
49%
Telling
49%
light
48%
told
48%
those
46%
fridge
45%
washes
44%
known
43%
tied
42%
Tongue
42%
we've
38%
Cause
34%
I'm
30%
No matching quizzes found
Score Distribution
Percent of People with Each Score
Percentile by Number Answered
Your Score History
You have not taken this quiz